000 00457nam a22001817a 4500
003 CEME
005 20210628205720.0
008 210316b xxu||||| |||| 00| 0 eng d
020 _a0-7923-9788-6
040 _c.
082 _a621.39 APP
100 _aSwartzlander, Earl E
_966002
245 _aApplication specific processors
260 _aBOSTON
_bKLUWER ACADEMIC
_c1997
300 _a253P
650 _aSPECIFIC PROCESSORS
_976792
942 _cBK
_2ddc
999 _c582123
_d582123